| 000 | 01704nam0a2200361 i 4500 | ||
|---|---|---|---|
| 001 | RU\NLR\BIBL_A\010667773 | ||
| 005 | 20241114173253.0 | ||
| 010 |
_a9785446815180 _91000 |
||
| 021 |
_aRU _b2014-93555 _95688 |
||
| 035 | _a(NILC)RuMoRGB-007836932 | ||
| 035 | _a(NLR Aleph) 010667773 | ||
| 090 |
_a9592368 _c9592368 |
||
| 100 | _a20150206d2014 u y0rusy50 ca | ||
| 101 | 0 | _arus | |
| 102 | _aRU | ||
| 105 | _aa|||j|||001yy | ||
| 200 | 1 |
_aОсновы материаловедения швейного производства _eучебник _eдля использования в учебном процессе образовательных учреждений, реализующих программы начального профессионального образования по профессии "Портной" _fК.А. Гурович |
|
| 205 | _a2-е изд., стер. | ||
| 210 |
_aМосква _cАкадемия _d2014 |
||
| 215 |
_a206, [1] с. _cцв. ил. _d21 |
||
| 225 | 1 |
_aПрофессиональное образование _iПортной |
|
| 313 | _a1-е изд. 2013 г. | ||
| 320 | _aБиблиогр.: с. 204 | ||
| 606 |
_aШвейное производство _jУчебники для начального профессионального образования _xМатериалы _91317132 _3RU\NLR\AUTH\66230702 |
||
| 686 | 1 | _aМ4-3я722-1 | |
| 700 | 1 |
_aГурович _bК. А. _gКлара Аркадьевна |
|
| 801 | 0 |
_aRU _bRuMoRKP _c20121122 _gRCR |
|
| 801 | 2 |
_aRU _bРГБ _c20141211 _grcr |
|
| 801 | 1 |
_aRU _bRuMoRKP _c20121122 _2rusmarc |
|
| 942 | _cBOOK | ||
| 980 | _aNBR | ||